| 000 | 03732cgm a22005537a 4500 | ||
|---|---|---|---|
| 001 | DVD-007585-593 | ||
| 005 | 20110819104232.0 | ||
| 006 | a|||||s|||||00| 1 | ||
| 007 | vd cvaizu | ||
| 008 | 100929s2010 ii 167 g 00| 0 hin | ||
| 010 | _aDVD-007585-593 | ||
| 024 |
_a2897015789 _c199.00 |
||
| 035 | _aDVD-0075835-593 | ||
| 040 | _aDPL | ||
| 082 | _aDVD DEDA | ||
| 245 | 0 | 0 |
_aDe dana dan / _ca Venus Records & Tapes Pvt. Ltd. film ; producer, Ganesh Jain, Girish Jain ; screenplay and direction, Priyadarshan. |
| 246 | 1 |
_iTitle appears on title screen as: _aRatan Jain's De dana dan |
|
| 257 | _aIndia. | ||
| 260 |
_aMumbai : _bEros International Media, _cc2010. |
||
| 300 |
_a1 videodisc of 1 (DVD) (ca. 167 min.) : _bsd., col. ; _c4 3/4 in. _3viewing copy. |
||
| 306 | _aca. 167 min | ||
| 500 | _aCopyright notice on container: Eros International Media Ltd. | ||
| 500 | _aOriginally released theatrically in 2009. | ||
| 500 | _aSummary taken from container. | ||
| 508 | _aStory, Suresh Krisshnan; lyrics, Sayyid Quadri ... et al. ; music director, Pritam. | ||
| 511 | 1 | _aAkshay Kumar, Suneil Shetty, Katrina Kaif, Sameera Reddy. | |
| 520 | _aNitin and Ram are best friends and are lucky in love, otherwise their life is strife. Both have rich girlfriends, Anjali and Manpreet, and they demand their boyfriends to earn enough money so they can elope or break-up forever. Broke and desperate, Nitin and Ram decide to raise money by kidnapping an employer's dog and collect ransom, but the plans go comically awry. | ||
| 538 | _aNTSC, Anamorphic widescreen, format dual layer, english subtitle | ||
| 546 | _aIn Hindi with English subtitles. | ||
| 650 | 0 |
_aPet theft _vDrama. _933133 |
|
| 650 | 0 |
_aMotion picture _933134 |
|
| 650 | 0 |
_aRansom _vDrama. _933135 |
|
| 700 | 0 |
_aPriyadarshan, _edirection, _ewritting. _933136 |
|
| 700 | 1 |
_aJain, Ganesh, _eproduction. _933137 |
|
| 700 | 0 |
_aPritam, _emusic. _933138 |
|
| 710 | 2 |
_aEros International (Firm) _933139 |
|
| 942 |
_2ddc _cCF _hDVD _mDEDA |
||
| 999 |
_c55656 _d55656 |
||